| 000 | 00825 a2200181 4500 | ||
|---|---|---|---|
| 003 | NUST | ||
| 005 | 20230127183957.0 | ||
| 040 | _cNust | ||
| 082 | _a909,OLI | ||
| 100 |
_aSobel , Robert _9107963 |
||
| 245 |
_aOur changing world : _bMan, the world, and the social studies / _cRobert Sobel & Carl Oliver |
||
| 260 |
_aAtlanta, Georgia _bLaidlaw Brothers, Publishers _c1969 |
||
| 300 |
_a728 p.; _billus _cdigars _e24 cm |
||
| 505 | _aThe Earth and Man (Page-18), Regions of the World (Page-100), Man and his Environment (Page-258), Man Culture and Society (Page-372), the Role of Economics (Page-458), Political Science and Government (Page-554), Living in a World of Change (Page-652), Glossary of Social Science Terms (Page-707). | ||
| 600 |
_aSobel , Robert _9107963 |
||
| 650 | _aWorld History | ||
| 942 |
_2ddc _cBK _k909,OLI |
||
| 999 |
_c186921 _d186921 |
||